000 01248nam a22003131 4500
001 00709477
003 DO-SdBNP
005 20240527094623.0
007 00709477
008 900725s1972 sp spa
017 _a
_b
035 _a
040 _aBPMSU
_bspa
_cBPMSU
082 4 _a465
_bC965e 1973
_222
110 2 _aConsejo Superior de Investigaciones Científicas (España),
_bDepartamento de Geografía Lingüistica
245 1 0 _aCuestionario para el estudio coordinado de la norma lingüistica culta de la principales ciudades de Iberoamérica y de la Península Ibérica
_h
260 _aMadrid :
_bComisión de Lingüistica Iberoamericana,
_c1973
300 _a3 v. ;
_c21 cm
490 0 _aPublicaciones del Departamento de Geografía Lingüistica,
_vv. 1-2, 4
505 0 _a
_gv. 1 :
_tFonética y fonologia
_gv. 2 :
_tMorfosintaxis
_gv. 3 :
_tLéxico
590 _aInventariado, 2024/VM
650 4 _aLinguística
_xInvestigaciones.
650 4 _aEspañol
_xMorfología
_xInvestigaciones.
_2
650 4 _aEspañol
_xSintaxis
_xInvestigaciones.
650 4 _aEspañol
_xLexicografía
710 2 _aComisión de Lingüistica Iberoamericana (Madrid)
910 _aVMateo V. Control de calidad. BPMSU
942 _2ddc
_cBK
999 _c10177
_d10177